English compounds from Latin roots - Statistics

General Stats
  • This quiz has been taken 23 times
  • The average score is 4 of 10
Answer Stats
Hint Answer % Correct
plant + eat up herbivore
76%
hand + written manuscript
62%
king + kill regicide
62%
alone + speak soliloquy
48%
two + eyes binoculars
43%
below + earth subterranean
43%
water + to lead aqueduct
38%
well + wishing benevolent
24%
four + years quadrennium
14%
tooth + to rub dentifrice
10%
No matching quizzes found
Score Distribution
Percent of People with Each Score
Percentile by Number Answered
Your Score History
You have not taken this quiz